Investments : (Record no. 5773)

MARC details
000 -LEADER
fixed length control field 00613 a2200193 4500
010 ## - LCCN (DPL NO)
LC control number ENG-87025
020 ## - INTERNATIONAL STANDARD BOOK NUMBER
International Standard Book Number 0070667136
Terms of availability 525.00
035 ## - SYSTEM CONTROL NUMBER
System control number EN-70558
037 ## - SOURCE OF ACQUISITION
Source of stock number/acquisition DBAD / PUB
082 14 - DEWEY DECIMAL CLASSIFICATION NUMBER
Classification number 332.63
100 1# - MAIN ENTRY--PERSONAL NAME
Personal name Hirschey, Mark
245 1# - TITLE STATEMENT
Title Investments :
Statement of responsibility, etc by Mark Hirschey [and] John Nofsinger
Remainder of title analysis and behaviour /
260 ## - PUBLICATION, DISTRIBUTION, ETC. (IMPRINT)
Place of publication, distribution, etc New Delhi
Name of publisher, distributor, etc Tata McGraw-Hill Publishing
Date of publication, distribution, etc 2008
270 ## - ADDRESS
Address 7, West Patel Nagar,
City New Delhi
Postal code 110 008
300 ## - PHYSICAL DESCRIPTION
Extent xxv, 645 p
Dimensions 24 cm (Pbk)
500 ## - GENERAL NOTE
General note Includes glossary and index
700 1# - ADDED ENTRY--PERSONAL NAME
Personal name Nofsinger, John
942 ## - ADDED ENTRY ELEMENTS (KOHA)
Institution code [OBSOLETE] dpl
Item type English Books
Source of classification or shelving scheme Dewey Decimal Classification
Classification part 332.63
Call number suffix HIR
Holdings
Withdrawn status Lost status Not for loan Collection code Home library Current library Source of acquisition Cost, normal purchase price Full call number Barcode Copy number Cost, replacement price Koha item type
    Not For Loan Non-fiction D.B.Act.Division D.B.Act.Division DBAD/PUB 525.00 332.63 HIR EN-70558 1 525.00 English Books

© Delhi Public Library
Hit Counter
free hit counter